ნორმალური ფორმატი
MARC ფორმატი
ჩანაწერი Corporate Name
ჩანაწერთა რაოდენობა, რომელიც გამოყენებულია: 1
001 - CONTROL NUMBER
- control field: 18432
003 - CONTROL NUMBER IDENTIFIER
- control field: GE_BSU
005 - DATE AND TIME OF LATEST TRANSACTION
- control field: 20230602125255.0
008 - FIXED-LENGTH DATA ELEMENTS
- fixed length control field: 230602|| aca||aabn | a|a d
040 ## - CATALOGING SOURCE
- Original cataloging agency: GE_BSU
- Transcribing agency: GE_BSU
110 ## - HEADING--CORPORATE NAME
- Corporate name or jurisdiction name as entry element: საქ. სსრ მეცნ. აკადემია.
- Subordinate unit: საქართველოს არქეოლოგიური კომისია. ივ. ჯავახიშვილის სახ. ისტორიის, არქეოლოგიისა და ეთნოგრაფიის ინ-ტის არქეოლოგიური კვლევის ცენტრი. კოლხეთის არქეოლოგიური ექსპედიციის შრომები [II].
670 ## - SOURCE DATA FOUND
- Source citation: Work cat.: (GE_BSU): მიქელაძე, თეიმურაზ 18431, კოლხეთის ადრერკინის ხანის სამაროვნები :
